Staatsformen nach Ländern - Statistiken

Allgemein
  • Dieses Quiz wurde 7 mal gespielt
  • Das Durchschnittsergebnis liegt bei 57 aus 195
Antwortstatistiken
Staatsform Land % Korrekt
Föderale Republik Deutschland
100%
Islamische Republik Afghanistan
71%
Föderale Republik Irak
71%
Islamische Republik Iran
71%
Monarchie Niederlande
71%
Föderale Monarchie Belgien
57%
Republik Irland
57%
Föderale Republik Mikronesien
57%
Republik Polen
57%
Republik Türkei
57%
Republik Ägypten
43%
Föderale Republik Argentinien
43%
Föderale Monarchie Australien
43%
Republik Chile
43%
Republik China
43%
Föderale Republik Sudan
43%
Republik Dominikanische Republik
43%
Republik El Salvador
43%
Republik Estland
43%
Republik Finnland
43%
Republik Frankreich
43%
Republik Ghana
43%
Republik Griechenland
43%
Republik Haiti
43%
Föderale Republik Indien
43%
Republik Indonesien
43%
Republik Island
43%
Föderale Monarchie Kanada
43%
Republik Kuba
43%
Monarchie Kuwait
43%
Republik Lettland
43%
Republik Litauen
43%
Monarchie Luxemburg
43%
Föderale Republik Mexiko
43%
Republik Myanmar
43%
Monarchie Neuseeland
43%
Republik Nordkorea
43%
Monarchie Norwegen
43%
Monarchie Oman
43%
Föderale Republik Österreich
43%
Föderale islamische Republik Pakistan
43%
Republik Paraguay
43%
Republik Portugal
43%
Republik Rumänien
43%
Föderale Republik Russland
43%
Monarchie Saudi-Arabien
43%
Monarchie Schweden
43%
Föderale Republik Schweiz
43%
Monarchie Spanien
43%
Republik Südafrika
43%
Föderale Republik Südsudan
43%
Republik Tansania
43%
Republik Uruguay
43%
Wahlmonarchie Vereinigte Arabische Emirate
43%
Monarchie Vereinigtes Königreich
43%
Föderale Republik Vereinigte Staaten
43%
Monarchie Andorra
29%
Republik Angola
29%
Monarchie Antigua und Barbuda
29%
Republik Armenien
29%
Republik Aserbaidschan
29%
Monarchie Bahamas
29%
Monarchie Bahrain
29%
Republik Belarus
29%
Monarchie Belize
29%
Republik Benin
29%
Monarchie Bhutan
29%
Föderale Republik Bosnien und Herzegowina
29%
Föderale Republik Brasilien
29%
Republik Burkina Faso
29%
Republik Burundi
29%
Republik Costa Rica
29%
Monarchie Dänemark
29%
Republik Demokratische Republik Kongo
29%
Monarchie Dominica
29%
Republik Dschibuti
29%
Republik Elfenbeinküste
29%
Republik Eritrea
29%
Republik Fidschi
29%
Republik Gabun
29%
Monarchie Grenada
29%
Republik Guinea
29%
Republik Guinea-Bissau
29%
Republik Guyana
29%
Republik Honduras
29%
Republik Israel
29%
Republik Italien
29%
Monarchie Jamaika
29%
Republik Jemen
29%
Republik Kap Verde
29%
Republik Kenia
29%
Republik Kiribati
29%
Republik Kolumbien
29%
Republik Kroatien
29%
Republik Laos
29%
Republik Libanon
29%
Republik Libyen
29%
Republik Malediven
29%
Republik Malta
29%
Monarchie Marokko
29%
Republik Mauritius
29%
Republik Moldau
29%
Monarchie Monaco
29%
Republik Mongolei
29%
Republik Namibia
29%
Republik Niger
29%
Föderale Republik Nigeria
29%
Monarchie Papua-Neuguinea
29%
Republik Peru
29%
Republik Republik Kongo
29%
Republik Sambia
29%
Republik Samoa
29%
Republik São Tomé und Príncipe
29%
Republik Senegal
29%
Republik Serbien
29%
Republik Seychellen
29%
Republik Simbabwe
29%
Republik Singapur
29%
Republik Slowakei
29%
Republik Slowenien
29%
Föderale Republik Somalia
29%
Republik Sri Lanka
29%
Monarchie St. Lucia
29%
Republik Südkorea
29%
Republik Suriname
29%
Republik Tadschikistan
29%
Monarchie Thailand
29%
Republik Togo
29%
Monarchie Tonga
29%
Republik Trinidad und Tobago
29%
Republik Tschad
29%
Republik Tschechien
29%
Republik Turkmenistan
29%
Republik Uganda
29%
Republik Ukraine
29%
Republik Ungarn
29%
Föderale Republik Usbekistan
29%
Republik Vietnam
29%
Republik Zypern
29%
Republik Albanien
14%
Republik Algerien
14%
Republik Äquatorialguinea
14%
Föderale Republik Äthiopien
14%
Republik Bangladesch
14%
Republik Barbados
14%
Republik Bolivien
14%
Republik Botswana
14%
Monarchie Brunei
14%
Republik Bulgarien
14%
Republik Ecuador
14%
Monarchie Eswatini
14%
Republik Gambia
14%
Republik Guatemala
14%
Monarchie Japan
14%
Monarchie Jordanien
14%
Monarchie Kambodscha
14%
Republik Kamerun
14%
Republik Kasachstan
14%
Monarchie Katar
14%
Republik Kirgistan
14%
Föderale Republik Komoren
14%
Republik Liberia
14%
Monarchie Liechtenstein
14%
Republik Madagaskar
14%
Republik Malawi
14%
Republik Mali
14%
Islamische Republik Mauretanien
14%
Republik Montenegro
14%
Republik Mosambik
14%
Föderale Republik Nepal
14%
Republik Nicaragua
14%
Republik Nordmazedonien
14%
Republik Osttimor
14%
Republik Palau
14%
Republik Panama
14%
Republik Ruanda
14%
Monarchie Salomonen
14%
Republik San Marino
14%
Republik Sierra Leone
14%
Föderale Monarchie St. Kitts und Nevis
14%
Monarchie St. Vincent und die Grenadinen
14%
Republik Taiwan
14%
Republik Tunesien
14%
Monarchie Tuvalu
14%
Republik Vanuatu
14%
Wahlmonarchie Vatikanstadt
14%
Föderale Republik Venezuela
14%
Republik Zentralafrikanische Republik
14%
Republik Georgien
0%
Republik Kosovo
0%
Monarchie Lesotho
0%
Föderale Monarchie Malaysia
0%
Republik Marshallinseln
0%
Republik Nauru
0%
Republik Philippinen
0%
Keine übereinstimmenden Quizze gefunden
Verteilung der Resultate
Anzahl Personen mit jedem Resultat
Perzentil nach korrekt beantworteten Fragen
Ihre Resultats-Entwicklung
Sie haben dieses Quiz noch nicht gespielt